00410nam a22001697a 450000500170000000800410001708200240005810000180008224500630010026000090016330000110017265000100018365000100019365000120020365000110021565000140022620250213033339.0250213b |||||||| |||| 00| 0 eng d 21679a305.4095bOSU aO'Sullivan, S aThe Moon for Dinner bChanging Relations... Women in China c1975 a46 p., aWomen aChina aHistory aHealth aSexuality